[Event "Torino Alfieri op 2nd"]
[Site "Torino"]
[Date "2010.04.24"]
[Round "4"]
[White "Portaro, Gaetano"]
[Black "Paoli, Mario"]
[Result "0-1"]
[WhiteElo "1512"]
[BlackElo "1746"]
[PlyCount "76"]
[EventDate "2010.04.21"]
[EventType "swiss"]
[EventRounds "5"]
[EventCountry "ITA"]
[SourceTitle "EXT 2024"]
[Source "ChessBase"]
[SourceDate "2023.10.10"]
[SourceVersion "1"]
[SourceVersionDate "2023.10.10"]
[SourceQuality "1"]

1. d4 Nf6 2. Bf4 g6 3. e3 Bg7 4. Nf3 d6 5. h3 0-0 6. Bc4 Nc6 7. a3 d5 8. Be2 Ne4 9. 0-0 e6 10. c3 f5 11. Nbd2 g5 12. Bh2 g4 13. Nxe4 gxf3 14. Bxf3 dxe4 15. Be2 Ne7 16. Bc4 Nd5 17. Ba2 c6 18. c4 Ne7 19. c5 Nd5 20. Bd6 Rf6 21. Be5 Rg6 22. Bg3 Kh8 23. Qd2 Qg5 24. Bc4 h5 25. h4 Qe7 26. Be2 Nf6 27. Qd1 Ng4 28. Qd2 Bd7 29. f3 exf3 30. Rxf3 Bf6 31. Raf1 Rag8 32. Bd3 Nh6 33. Qf2 Qg7 34. Kh1 Rxg3 35. Rg1 Bxh4 36. Qf1 Rxf3 37. Qxf3 Qg4 38. Qf1 Bg3 0-1

[Event "Turin Piemonte op 8th"]
[Site "Turin"]
[Date "2008.09.19"]
[Round "1"]
[White "Cacinschi, Alexandru"]
[Black "Portaro, Gaetano"]
[Result "1-0"]
[WhiteElo "1939"]
[BlackElo "1503"]
[PlyCount "97"]
[EventDate "2008.09.19"]
[EventType "swiss"]
[EventRounds "6"]
[EventCountry "ITA"]
[SourceTitle "EXT 2011"]
[Source "ChessBase"]
[SourceDate "2010.11.26"]
[SourceVersion "1"]
[SourceVersionDate "2010.11.26"]
[SourceQuality "1"]

1. c4 Nc6 2. d4 e5 3. d5 Nce7 4. Nc3 Ng6 5. e4 d6 6. g3 Nf6 7. Bg2 b6 8. Nge2 Be7 9. h4 Nh5 10. Be3 0-0 11. Nc1 Nf6 12. h5 Nh8 13. Nd3 Ng4 14. Bd2 Bg5 15. Bh3 Bxd2+ 16. Qxd2 Nh6 17. Bxc8 Qxc8 18. 0-0-0 a5 19. f4 f6 20. g4 Qxg4 21. Rdg1 Qd7 22. fxe5 fxe5 23. Qxh6 Rf7 24. Qe6 Re8 25. Qxd7 Rxd7 26. Rf1 Nf7 27. Ne1 Nh6 28. Nf3 Ng4 29. Kd2 h6 30. Nh4 Nf6 31. Nf5 Rf8 32. Kd3 Rff7 33. Nd1 Nh7 34. Nf2 Nf6 35. Rfg1 Kh7 36. Ng4 Ng8 37. a3 a4 38. Kc3 Rd8 39. Kb4 Ra8 40. Rf1 Ra5 41. Nfe3 Rd7 42. Nd1 c5+ 43. dxc6 Rc7 44. Nc3 Raa7 45. Rd1 Ne7 46. Rxd6 Nc8 47. Rd7 Rxc6 48. Rg1 Ne7 49. Nf6+ 1-0

[Event "Turin FreeTUR op"]
[Site "Turin"]
[Date "2007.12.11"]
[Round "6"]
[White "Liviabella, Lucio"]
[Black "Portaro, Gaetano"]
[Result "0-1"]
[WhiteElo "1571"]
[BlackElo "1428"]
[PlyCount "132"]
[EventDate "2007.11.06"]
[EventType "swiss"]
[EventRounds "6"]
[EventCountry "ITA"]
[SourceTitle "EXT 2010"]
[Source "ChessBase"]
[SourceDate "2010.11.25"]
[SourceVersion "1"]
[SourceVersionDate "2010.11.25"]
[SourceQuality "1"]

1. e4 Nc6 2. Nf3 d6 3. d4 e6 4. Nc3 Nf6 5. Bg5 Be7 6. Qd2 Nd7 7. 0-0-0 0-0 8. h4 f6 9. Bf4 Nb6 10. h5 e5 11. dxe5 fxe5 12. Be3 Bg4 13. Be2 h6 14. Nd5 Nxd5 15. exd5 Nb8 16. Qb4 Bc8 17. Bd3 Nd7 18. Bg6 Nb6 19. b3 Bf5 20. Bxf5 Rxf5 21. Qg4 Rf6 22. Rh3 Qd7 23. Qg3 Qf5 24. Rh4 Kh8 25. Re1 Nxd5 26. Kb2 a5 27. Rg4 Nb4 28. Rc1 Rg8 29. Nh4 Qe6 30. Ng6+ Kh7 31. Nxe7 Qxe7 32. Rd1 Qf7 33. Qh3 Nd5 34. Rd3 Nxe3 35. fxe3 Rf5 36. Rg6 Rf6 37. Rg3 g5 38. Qg4 Rd8 39. Qe4+ Kg7 40. Qxb7 Rd7 41. Qc6 d5 42. Qb5 c6 43. Qxa5 Qxh5 44. e4 Qh4 45. exd5 cxd5 46. Qb5 Rfd6 47. Qa5 e4 48. Rh3 Qg4 49. Rdg3 Qe6 50. Qe1 d4 51. a4 Rb7 52. Ka2 Ra6 53. Qd2 Qd5 54. c4 Qd6 55. Rg4 Re7 56. Rgg3 Qc5 57. Qb2 Kh7 58. Rh1 Rd6 59. Qd2 Kg7 60. Rh5 e3 61. Qc1 Re5 62. Qe1 d3 63. Rh1 e2 64. Qd2 Qf2 65. Qe1 Qxe1 66. Rxe1 d2 0-1

[Event "Turin FreeTUR op"]
[Site "Turin"]
[Date "2007.11.27"]
[Round "4"]
[White "Capuzzimati, Fausto"]
[Black "Portaro, Gaetano"]
[Result "0-1"]
[WhiteElo "1497"]
[BlackElo "1428"]
[PlyCount "50"]
[EventDate "2007.11.06"]
[EventType "swiss"]
[EventRounds "6"]
[EventCountry "ITA"]
[SourceTitle "EXT 2010"]
[Source "ChessBase"]
[SourceDate "2010.11.25"]
[SourceVersion "1"]
[SourceVersionDate "2010.11.25"]
[SourceQuality "1"]

1. d4 Nf6 2. c4 e6 3. Nf3 b6 4. g3 Bb7 5. Bg2 d6 6. Nc3 Be7 7. 0-0 0-0 8. Re1 Nbd7 9. e4 c5 10. d5 Ne8 11. Bf4 e5 12. Be3 Bc8 13. Qd2 h6 14. a4 f5 15. exf5 Rxf5 16. Bh3 Rxf3 17. Bxh6 gxh6 18. Qxh6 Nf8 19. Be6+ Bxe6 20. dxe6 Rf6 21. Qh3 Rxe6 22. Re4 Rg6 23. Rae1 Bg5 24. Rd1 Qc8 25. Nd5 Qxh3 0-1

[Event "Turin FreeTUR op"]
[Site "Turin"]
[Date "2007.11.20"]
[Round "3"]
[White "Portaro, Gaetano"]
[Black "Raimondi, Andrea"]
[Result "1/2-1/2"]
[WhiteElo "1428"]
[BlackElo "1443"]
[PlyCount "64"]
[EventDate "2007.11.06"]
[EventType "swiss"]
[EventRounds "6"]
[EventCountry "ITA"]
[SourceTitle "EXT 2010"]
[Source "ChessBase"]
[SourceDate "2010.11.25"]
[SourceVersion "1"]
[SourceVersionDate "2010.11.25"]
[SourceQuality "1"]

1. d4 d5 2. Bf4 e6 3. Nf3 c5 4. e3 Nc6 5. c3 Nf6 6. h3 c4 7. Nbd2 h6 8. Be2 b5 9. a3 Bb7 10. 0-0 Bd6 11. Ne5 0-0 12. Qc2 Ne7 13. Bf3 Nh7 14. Bh5 Nf5 15. Ndf3 Nf6 16. Bxf7+ Rxf7 17. Nxf7 Kxf7 18. Bxd6 Qxd6 19. Ne5+ Kg8 20. Rae1 Ne4 21. g4 Nh4 22. Qe2 Rf8 23. Kh2 Nf3+ 24. Kh1 Nxe1 25. Qxe1 Ng5 26. Kg2 Rf6 27. f4 Nf7 28. Nf3 Bc6 29. h4 Be8 30. g5 hxg5 31. hxg5 Nxg5 32. Nxg5 Rh6 1/2-1/2

[Event "Turin FreeTUR op"]
[Site "Turin"]
[Date "2007.11.13"]
[Round "2"]
[White "Tondo, Stefano"]
[Black "Portaro, Gaetano"]
[Result "1-0"]
[WhiteElo "1496"]
[BlackElo "1428"]
[PlyCount "119"]
[EventDate "2007.11.06"]
[EventType "swiss"]
[EventRounds "6"]
[EventCountry "ITA"]
[SourceTitle "EXT 2010"]
[Source "ChessBase"]
[SourceDate "2010.11.25"]
[SourceVersion "1"]
[SourceVersionDate "2010.11.25"]
[SourceQuality "1"]

1. e4 Nc6 2. d4 e5 3. Nf3 d6 4. Bc4 Be7 5. h3 Nf6 6. Nc3 0-0 7. Be3 exd4 8. Nxd4 Ne5 9. Bb3 Bd7 10. f4 Ng6 11. Qd2 Nh5 12. 0-0-0 a5 13. g4 Nf6 14. a3 Qc8 15. Nf5 Bd8 16. Bd4 b5 17. e5 Ne8 18. exd6 c5 19. Ne7+ Nxe7 20. dxe7 Bxe7 21. Bxg7 Nxg7 22. Qxd7 Bf6 23. Qxc8 Raxc8 24. Nxb5 c4 25. Ba4 c3 26. bxc3 Bxc3 27. Nxc3 Rxc3 28. Rd3 Rc4 29. Bb5 Rxf4 30. Rhd1 Ne6 31. a4 Rf2 32. R3d2 Rf3 33. h4 Rh3 34. h5 Rg3 35. Be2 Nf4 36. Bb5 Rxg4 37. Rd4 f5 38. h6 Ng6 39. Bc4+ Kh8 40. Rd7 Rxc4 41. Ra7 Ne5 42. Rd5 Re8 43. Rxe5 Rec8 44. Ree7 Rxc2+ 45. Kd1 Rc1+ 46. Kd2 R8c2+ 47. Kd3 Rc3+ 48. Kd4 Rc4+ 49. Ke5 Rc5+ 50. Kf6 Rc6+ 51. Re6 Rxe6+ 52. Kxe6 Rc6+ 53. Kf7 Rg6 54. Rxa5 Rg8 55. Rxf5 Ra8 56. Re5 Ra7+ 57. Re7 Ra8 58. Re8+ Rxe8 59. Kxe8 Kg8 60. a5 1-0